Tilastot visalle Kiina... vai Intia?

Klikkaa tästä pelataksesi tätä visaa!

Yleistilastot

  • Tätä visaa on pelattu 384 kertaa
  • Keskiarvotulos 11 / 15

Vastaustilastot

KysymysVastaus% Oikein
On pinta-alaltaan suurempiKiina
97%
Sen BKT asukasta kohden on korkeampiKiina
93%
Sen väkiluku kasvaa nopeamminIntia
91%
Asukkaiden mediaani-ikä on alempiIntia
84%
Suurempi osuus väestöstä on kasvissyöjiäIntia
83%
On brittiläisen Kansainyhteisön jäsenmaaIntia
78%
Siellä elää villejä tiikereitäMolemmat
76%
Sillä on alueita Himalajan vuoristossaMolemmat
74%
Pitää hallussaan ydinaseitaMolemmat
70%
Buddha asui sielläIntia
69%
On yksi BRICS-maistaMolemmat
61%
Kuluttaa enemmän maitotuotteita asukasta kohdenIntia
52%
Sen pääkaupunki sijaitsee maan pohjoisosissaMolemmat
47%
Sen asukkaat ovat keskimäärin pidempiäKiina
39%
Siellä on enemmän miehiä kuin naisiaMolemmat
39%

Tulosjakauma

Persentiili vastausten määrän mukaan

Jokaisen tuloksen saaneiden osuus

Tuloshistoriasi

Et ole pelannut tätä visaa